| 000 | 00391nam a22001337a 4500 | ||
|---|---|---|---|
| 020 | _a0-534-08502-4 | ||
| 082 | _a808.042 TYN'W | ||
| 100 |
_aTYNER, T. E _965440 |
||
| 245 | _aWRITING VOYAGE , AN INTEGRATED PROCESS OPPROACH TO BASIC WRITING | ||
| 260 |
_aCALIFORNIA _bWADSWORTH _c1988 |
||
| 300 | _a312P | ||
| 650 |
_aENGLISH LANGUAGE RHETORIC ENGLISH LANGUAGE GRAMMER _965441 |
||
| 942 | _cBK | ||
| 999 |
_c573649 _d573649 |
||